National report on sustainable development / (Kayıt no. 10203)

MARC ayrıntıları
000 -BAŞLIK
Sabit Uzunluktaki Kontrol Alanı 00610nam a22001937a 4500
003 - KONTROL NUMARASI KİMLİĞİ
Kontrol Alanı TR-AnABB
005 - EN SON İŞLEM TARİHİ ve ZAMANI
Kontrol Alanı 20260413130125.0
008 - SABİT UZUNLUKTAKİ VERİ ÖGELERİ - GENEL BİLGİ
Sabit Alan 260413b tu ||||| |||| 00| 0 tur d
040 ## - KATALOGLAMA KAYNAĞI
Özgün Kataloglama Kurumu TR-AnABB
Kataloglama Dili tur
Çeviri Kurumu TR-AnABB
041 ## - DİL KODU
Metin ya da ses kaydının dil kodu tur
082 ## - DEWEY ONU SINIFLAMA SİSTEMİ
Sınıflama Numarası 338.9
Cutter numarası NAT 2002
245 00 - ESER ADI BİLDİRİMİ
Başlık National report on sustainable development /
Sorumluluk Bildirimi edited by: Gürel Tüzün, Sibel Sezer
250 ## - BASIM BİLDİRİMİ
Basım Bildirimi 2. basım
260 ## - YAYIN, DAĞITIM, VB.
Yayın Yeri Ankara :
Yayınevi The Ministry of Environment,
Yayın Tarihi 2002
300 ## - FİZİKSEL TANIMLAMA
Sayfa, Cilt vb. 216 sayfa ;
Boyutları 20 cm
650 04 - KONU BAŞLIĞI EK GİRİŞ - KONU TERİMİ
Konusal terim veya coğrafi ad Sürdürülebilir kalkınma
650 04 - KONU BAŞLIĞI EK GİRİŞ - KONU TERİMİ
Konusal terim veya coğrafi ad Sürdürülebilir kalkınma, Türkiye
942 ## - EK GİRİŞ ÖGELERİ (KOHA)
Sınıflama Kaynağı Dewey Decimal Classification
Materyal Türü Kitap
900 ## - YEREL BİLGİ
Kontrol Can ÇELIK
Mevcut
Geri Çekilme Durumu Kayıp Durumu Sınıflandırma Kaynağı Kredi için değil Kalıcı Konum Mevcut Konum Kayıt Tarih Toplam Ödünçverme Yer Numarası Demirbaş Numarası Son Görülme Tarihi Fatura Tarihi Materyal Türü
    Dewey Decimal Classification   Prof. Dr. Ruşen Keleş Kütüphanesi Prof. Dr. Ruşen Keleş Kütüphanesi 13/04/2026   338.9 NAT 2002 RK7021 13/04/2026 13/04/2026 Kitap